Open Data Biblioteca Nacional de Portugal


República Portuguesa: Ministério da Cultura
Biblioteca Nacional de Portugal

Catálogo da BNP: acesso por Identificadores Unívocos
Registos Bibliográficos associados ao registo de autoridade

Etiqueta de registo: 00230nam 2200025 450
001 1836255
003 http://id.bnportugal.gov.pt/bib/catbnp/1836255
010 ## $a978-989-96598-2-7
021 ## $aPT$b352996/12
100 ## $a20130410d2013 m y0pory01030103ba
101 0# $apor
102 ## $aPT
105 ## $aa z 000zy
106 ## $ar
200 1# $aEstas palavras que partem sem mim$fJorge Ribeiro de Castro
205 ## $a1ª ed
210 #9 $a[S.l.]$cJ. R. Castro,$d2013$e[Camarate :$gBritográfica- Artes Gráficas])
215 ## $a98, [5] p.$cil.$d21 cm
675 ## $a821.134.3-92"20"$vBN$zpor$31049730
700 #1 $aCastro,$bJorge Ribeiro de$31371805
801 #0 $aPT$bBN$gRPC
856 41 $uhttp://rnod.bnportugal.gov.pt/ImagesBN/winlibimg.aspx?skey=&doc=1836255&img=23502&save=true
900 ## $aBIBNAC$d20130429
966 ## $lBN$mFGMON$sL. 118204 V.$x1
966 ## $lBN$mFGMON$sL. 118204 V.-D$x1

Etiqueta de registo: 00230nam 2200025 450
001 1708810
003 http://id.bnportugal.gov.pt/bib/catbnp/1708810
010 ## $a978-989-636-099-3
021 ## $aPT$b263664/07
100 ## $a20090415d2007 m y0pory0103 ba
101 0# $apor
102 ## $aPT
105 ## $ay z 000ay
106 ## $ar
200 1# $aResquícios de estranhas sinfonias$fJorge Ribeiro de Castro
210 #9 $aPorto$cPapiro,$d2007
215 ## $a105, [5] p.$d23 cm
225 2# $aNovela
675 ## $a821.134.3-32"20"$vBN$zpor$31054525
700 #1 $aCastro,$bJorge Ribeiro de$31371805
801 #0 $aPT$bBN$gRPC
900 ## $aBIBNAC$d20130602
966 ## $lBN$mFGMON$sL. 98258 V.$x1
966 ## $lBN$mFGMON$sL. 98258 V.-D$x1

Etiqueta de registo: 00000nam 2200025 450
001 2048806
003 http://id.bnportugal.gov.pt/bib/catbnp/2048806
010 ## $a978-989-8984-17-3
021 ## $aPT$b460784/19
100 ## $a20200624d2019 m y0pory01030103ba
101 0# $apor
102 ## $aPT
105 ## $ay z 000ay
106 ## $ar
200 1# $a A comédia de um teatro desvairado$fJorge Ribeiro de Castro
210 #9 $a[S.L.]$cHórus,$dD.L. 2019
215 ## $a308 p.$d21 cm
675 ## $a821.134.3-31"20"$vBN$zpor$31044234
700 #1 $aCastro,$bJorge Ribeiro de$31371805
801 #0 $aPT$bBN$gRPC
856 41 $uhttp://rnod.bnportugal.gov.pt/ImagesBN/winlibimg.aspx?skey=&doc=2048806&img=140323&save=true
900 ## $aBIBNAC$d20200720
966 ## $lBN$mFGMON$sL. 151958 V.$x1
966 ## $lBN$mFGMON$sL. 151958 V.-D$x1

Etiqueta de registo: 00000nam 2200025 450
001 2209254
003 http://id.bnportugal.gov.pt/bib/catbnp/2209254
010 ## $a978-989-9062-48-1
021 ## $aPT$b543144/25
100 ## $a20250325d2025 m y0pory01030103ba
101 0# $apor
102 ## $aPT
105 ## $aa z 000by
106 ## $ar
200 1# $aSenhor dá-me um sarilho$fJorge Ribeiro de Castro
210 #9 $aFunchal$cCarlos Diogo Pereira$cFunchal.pt Município,$dD.L. 2025
215 ## $a79, [1] p.$cil.$d23 cm
225 2# $aBaltazar Dias$v9
675 ## $a821.134.3-2"20"$vBN$zpor$31054329
700 #1 $aCastro,$bJorge Ribeiro de$31371805
801 #0 $aPT$bBN$gRPC
856 41 $uhttp://rnod.bnportugal.gov.pt/ImagesBN/winlibimg.aspx?skey=&doc=2209254&img=207021&save=true
900 ## $aBIBNAC$d20250421
966 ## $lBN$mFGMON$sL. 176258 V.$x1
966 ## $lBN$mFGMON$sL. 176258 V.-D$x1
971 ## $cisantos$d20250325
972 ## $e0$z0$d20250421$vasantos
973 ## $cigoulao$d20250416

OpendataBNP@bnportugal.pt | Mais informação sobre acesso aos dados BNP